Singes par images - Clic Quiz - Statistiques

Statistiques générales
  • Ce quiz a été pris 1 952 fois
  • Le résultat moyen est 9 sur 16
Statistiques - réponses
Hint Extra Hint Réponse % Correct
Humain
Homo sapiens
95%
Gorille des plaines de l’Ouest
Gorilla gorilla gorilla
94%
Orang-outan de Bornéo
Pongo pygmaeus
88%
Chimpanzé
Pan troglodytes
85%
Nasique
Nasalis larvatus
73%
Gibbon à mains blanches
Hylobates lar
62%
Mandrill
Mandrillus sphinx
55%
Singe-araignée / Atèle
Ateles fusciceps
49%
Macaque japonais
Macaca fuscata
47%
Babouin olive
Papio anubis
42%
Singe-écureuil
Saimiri sciureus
37%
Ouistiti commun
Callithrix jacchus
32%
Rhinopithèque de Roxellane
Rhinopithecus roxellana
24%
Capucin brun
Sapajus apella
24%
Gélada
Theropithecus gelada
23%
Tamarin empereur
Saguinus imperator
22%
Aucun quiz correspondant
Distribution des résultats
% des personnes avec chaque résultat
Percentile par nombre de réponses
Votre historique - résultats
Vous n’avez pas pris ce quiz